000 00631nam a2200181 i 4500
001 99056
003 ES-MaACL
005 20230906182429.0
007 t|
008 051114s1953 sp ||||1| spa d
245 0 0 _aEnciclopedia de las artes
_b: Arquitectura. Escultura. Pintura. Música. Poesía. Teatro.... /
_ccompilada por Dagobert D. Runes y Harry G. Schirickel.
250 _aEd. española il. y aum.
260 _aBarcelona :
_bArgos,
_c[1953?]
300 _a2 v., 132 lám. :
_bil. ;
_c25 cm.
700 1 _aRunes, Dagobert D.
_9100998
700 1 _aSchrickel, Harry G.
_9104707
852 _aES-MaACL
_jC-5705-06
_bR.35254
999 _c99056
_d99056